书目信息 |
| 题名: |
如何当好教研组长
|
|
| 作者: | 崔岚 , 黄丽萍 编著 | |
| 分册: | ||
| 出版信息: | 上海 华东师范大学出版社 2011.09 |
|
| 页数: | 270页 | |
| 开本: | 23cm | |
| 丛书名: | ||
| 单 册: | ||
| 中图分类: | G428 | |
| 科图分类: | ||
| 主题词: | 幼儿园--教研组--工作 , 幼儿园 , 教研组 | |
| 电子资源: | ||
| ISBN: | 978-7-5617-8821-9 | |
| 000 | 01141nam0 2200301 450 | |
| 001 | 0102100412 | |
| 005 | 20210402100819.0 | |
| 010 | @a978-7-5617-8821-9@dCNY39.00 | |
| 100 | @a20120716e20202011em y0chiy50 ea | |
| 101 | 0 | @achi |
| 102 | @aCN@b310000 | |
| 105 | @ay z 000yy | |
| 106 | @ar | |
| 200 | 1 | @a如何当好教研组长@Aru he dang hao jiao yan zu zhang@e幼儿园教研组长最新工作手册@f崔岚, 黄丽萍编著 |
| 210 | @a上海@c华东师范大学出版社@d2011.09@h2020.09 | |
| 215 | @a270页@d23cm@e1文本 | |
| 300 | @a教师职业训练营 | |
| 307 | @a附件:《幼儿园教研组长工作参考文本》 (18cm) | |
| 330 | @a本书内容包括:制度大观——幼儿园教研组的组织建制与制度保障、计划指南——幼儿园教研计划的编制、行动采风——幼儿园教研活动的组织策略、评论杂谈——幼儿园教研活动的评价。 | |
| 517 | 1 | @a幼儿园教研组长最新工作手册@Ayou er yuan jiao yan zu zhang zui xin gong zuo shou ce |
| 606 | 0 | @a幼儿园@x教研组@x工作 |
| 606 | 0 | @a幼儿园 |
| 606 | 0 | @a教研组 |
| 690 | @aG428@v5 | |
| 701 | 0 | @a崔岚@Acui lan@c(女,幼儿教育)@4编著 |
| 701 | 0 | @a黄丽萍@Ahuang li ping@c(幼儿教育)@4编著 |
| 801 | 0 | @aCN@bBJSZM@c20210402 |
| 905 | @b1274565-9@dG428@e501@f5 | |
| 如何当好教研组长:幼儿园教研组长最新工作手册/崔岚, 黄丽萍编著.-上海:华东师范大学出版社,2011.09(2020.09) |
| 270页;23cm+1文本 |
| 教师职业训练营 |
| ISBN 978-7-5617-8821-9:CNY39.00 |
| 本书内容包括:制度大观——幼儿园教研组的组织建制与制度保障、计划指南——幼儿园教研计划的编制、行动采风——幼儿园教研活动的组织策略、评论杂谈——幼儿园教研活动的评价。 |
| ● |
| 相关链接 |
|
|
|
|
正题名:如何当好教研组长
索取号:G428/501
 
预约/预借
| 序号 | 登录号 | 条形码 | 馆藏地/架位号 | 状态 | 备注 |
| 1 | 1274565 | 212745653 | 第一样本阅览室/ [索取号:G428/501] | 在馆 | |
| 2 | 1274566 | 212745662 | 教育系资料室/ [索取号:G428/501] | 在馆 | |
| 3 | 1274567 | 212745671 | 教育系资料室/ [索取号:G428/501] | 在馆 | |
| 4 | 1274568 | 212745680 | 第四借阅区/ [索取号:G428/501] | 在馆 | |
| 5 | 1274569 | 212745699 | 第四借阅区/ [索取号:G428/501] | 在馆 |